000 00490nam a2200157Ia 4500
008 230907s9999||||xx |||||||||||||| ||und||
082 _a621.42
_bASS
100 _aMuhammad Assad Khan (00000205578)
_9116530
245 0 _aSynthesis and Characterization of Nanofluid for Heat Transfer Application /
260 _aUSPCAS-E, NUST,
_bIslamabad :
_c2020
300 _axiii, 67p.
520 _aTH-229
650 _aMS-TEE Thesis MS Thesis
700 _aDr Majid Ali
_929033
942 _cTHE
_2ddc
999 _c601908
_d601908